[Event "Titled Tue 17th Jun Early"]
[Site "chess.com INT"]
[Date "2025.06.17"]
[Round "6"]
[White "Raptis, Nick"]
[Black "Yanev, Tihomir"]
[Result "1/2-1/2"]
[WhiteTitle "FM"]
[BlackTitle "IM"]
[WhiteElo "2220"]
[BlackElo "2354"]
[WhiteFideId "2016850"]
[BlackFideId "2910110"]
[EventDate "2025.06.17"]

1. d4 e6 2. Nc3 Bb4 3. e4 Nf6 4. e5 Nd5 5. Qg4 Bf8 6. Nxd5 exd5 7. Bg5 d6 8.
Bxd8 Bxg4 9. Bxc7 dxe5 10. Bxe5 Nc6 11. Bb5 O-O-O 12. f3 Nxe5 13. dxe5 Bf5 14.
O-O-O Bc5 15. Ne2 h5 16. Nc3 Be6 17. Rhe1 g5 18. Ba4 Bb4 19. Bb3 d4 20. Bxe6+
fxe6 21. Re4 dxc3 22. Rxd8+ Rxd8 23. Rxb4 Rd2 24. h4 Rxg2 25. bxc3 g4 26. fxg4
hxg4 27. h5 Kc7 28. h6 Kc6 29. h7 Rh2 30. Rxg4 Rxh7 31. Rd4 Kc5 32. Rd6 Rh6 33.
Kb2 b6 34. a4 a5 35. Kb3 Rg6 36. Kb2 Rh6 37. Kb3 Rg6 38. Kb2 Rh6 1/2-1/2

[Event "Titled Tue 17th Jun Early"]
[Site "chess.com INT"]
[Date "2025.06.17"]
[Round "6"]
[White "Tikhonov, Viacheslav"]
[Black "Chaulagain, Purusottam"]
[Result "0-1"]
[WhiteTitle "CM"]
[BlackTitle "CM"]
[WhiteElo "2183"]
[BlackElo "1952"]
[WhiteFideId "44196407"]
[BlackFideId "12300730"]
[EventDate "2025.06.17"]

1. e4 d5 2. exd5 Qxd5 3. Nc3 Qa5 4. d4 Nf6 5. Nf3 Bf5 6. Bd2 e6 7. Nb5 Qb6 8. c4
c6 9. c5 Qd8 10. Bf4 cxb5 11. Bxb5+ Nbd7 12. O-O Be7 13. c6 bxc6 14. Bxc6 Rc8
15. Bb7 Rc2 16. Nh4 Rxb2 17. Nxf5 exf5 18. Ba6 O-O 19. Bc4 Nb6 20. Bb3 Ne4 21.
Qc1 Qxd4 22. Be3 Qc3 23. Rd1 Bf6 24. Bf4 Qxc1 25. Raxc1 Nxf2 26. Rd7 Nxd7 0-1

[Event "Titled Tue 17th Jun Early"]
[Site "chess.com INT"]
[Date "2025.06.17"]
[Round "6"]
[White "Askarov, Bakhtiyar"]
[Black "Bortnyk, Olexandr"]
[Result "0-1"]
[WhiteTitle "IM"]
[BlackTitle "GM"]
[WhiteElo "2297"]
[BlackElo "2601"]
[WhiteFideId "13701100"]
[BlackFideId "14120828"]
[EventDate "2025.06.17"]

1. d4 Nf6 2. Nf3 b6 3. Bf4 Bb7 4. e3 d6 5. Be2 Nbd7 6. h3 e6 7. O-O Be7 8. a4 a5
9. Na3 h6 10. Bh2 g5 11. Nd2 h5 12. Bf3 c6 13. Ndc4 g4 14. hxg4 hxg4 15. Bxg4
Nxg4 16. Qxg4 Ba6 17. Rfd1 Nf6 18. Qf4 Nd5 19. Qg3 Kd7 20. e4 Nf6 21. d5 Nxe4
22. dxc6+ Kxc6 23. Qf3 d5 24. Ne5+ Kb7 25. Nxf7 Qg8 26. Nxh8 Rf8 27. Qh5 Rxf2
28. Ng6 Bc5 29. Kh1 Rf5 30. Qh6 Nf2+ 31. Kg1 Nxd1+ 0-1

[Event "Titled Tue 17th Jun Early"]
[Site "chess.com INT"]
[Date "2025.06.17"]
[Round "6"]
[White "Aarit Kapil"]
[Black "Gubatayev, Ahmet"]
[Result "1-0"]
[WhiteTitle "CM"]
[BlackTitle "CM"]
[WhiteElo "2078"]
[BlackElo "2191"]
[WhiteFideId "33408947"]
[BlackFideId "14004526"]
[EventDate "2025.06.17"]

1. b4 e6 2. b5 Nf6 3. Bb2 Be7 4. e3 d5 5. c4 c5 6. Nf3 O-O 7. Be2 a6 8. a4 b6 9.
O-O Bb7 10. Re1 Nbd7 11. Nc3 Rc8 12. cxd5 exd5 13. bxa6 Ba8 14. Bb5 Bd6 15. d4
cxd4 16. Nxd4 Ne5 17. h3 Nc4 18. Bxc4 Rxc4 19. Qb3 Qc8 20. Ncb5 Be5 21. f4 Bc7
22. Rac1 Rc5 23. Ba3 Ne4 24. Bxc5 bxc5 25. Nf3 Bb6 26. Nd6 Nxd6 27. Qxb6 Nc4 28.
Qb5 h6 29. Ne5 Nxe5 30. fxe5 c4 31. e4 Qe6 32. exd5 Bxd5 33. a7 Bc6 34. Qxc4 Bd5
35. Qd4 Ra8 36. Rc7 Bb3 37. Rec1 Bd5 38. Kh2 Rd8 39. Rc8 Qxc8 40. Rxc8 Rxc8 41.
Qxd5 1-0

[Event "Titled Tue 17th Jun Early"]
[Site "chess.com INT"]
[Date "2025.06.17"]
[Round "6"]
[White "Essing, Arnold"]
[Black "Goncharov, Vladimir"]
[Result "1-0"]
[WhiteTitle "FM"]
[WhiteElo "2197"]
[BlackElo "2077"]
[WhiteFideId "4619862"]
[BlackFideId "34162256"]
[EventDate "2025.06.17"]

1. d4 Nf6 2. Nf3 e6 3. c4 b6 4. Nc3 Bb7 5. Bg5 h6 6. Bh4 Bb4 7. Qc2 g5 8. Bg3
Ne4 9. Be5 f6 10. d5 exd5 11. cxd5 Bxd5 12. O-O-O Nxc3 13. Bxc3 Bxc3 14. Rxd5
Bb4 15. Qg6+ Kf8 16. Rf5 Be7 17. e4 d5 18. Nd4 Qd6 19. Rxd5 Qf4+ 20. Kb1 Qg4 21.
Nf5 Rg8 22. Qxh6+ Ke8 23. f3 Qf4 24. Qh7 1-0

[Event "Titled Tue 17th Jun Early"]
[Site "chess.com INT"]
[Date "2025.06.17"]
[Round "6"]
[White "Bukreev, Stanislav"]
[Black "Elier, Ali"]
[Result "1/2-1/2"]
[WhiteTitle "FM"]
[BlackTitle "CM"]
[WhiteElo "2305"]
[BlackElo "2142"]
[WhiteFideId "34252347"]
[BlackFideId "16217543"]
[EventDate "2025.06.17"]

1. d4 d5 2. c4 e6 3. Nf3 Nf6 4. Nc3 c5 5. e3 cxd4 6. exd4 Nc6 7. a3 dxc4 8. Bxc4
Be7 9. O-O O-O 10. Ba2 a6 11. Re1 b5 12. d5 exd5 13. Nxd5 Nxd5 14. Qxd5 Bb7 15.
Qh5 Rc8 16. Bg5 Rc7 17. Rad1 Rd7 18. Rxd7 Qxd7 19. Bxe7 Nxe7 20. Ng5 h6 21. Nxf7
Bd5 22. Ne5 Qb7 23. Bxd5+ Qxd5 24. Qe2 Nf5 25. Nf3 Kh7 26. h3 Qc6 27. Qd3 Qg6
28. Ne5 Qg5 29. g4 h5 30. Kf1 hxg4 31. hxg4 Qh4 32. gxf5 Qh2 33. Ke2 Qxe5+ 34.
Qe3 Qxf5 35. Rh1+ Kg8 36. Rh4 Qc2+ 37. Kf1 Qb1+ 38. Kg2 Qxb2 39. Qe6+ Rf7 40.
Rf4 Qf6 41. Rxf6 gxf6 42. Qxa6 f5 43. Qxb5 f4 44. Qd5 f3+ 45. Qxf3 Kg7 46. Qxf7+
Kh8 47. a4 1/2-1/2

[Event "Titled Tue 17th Jun Early"]
[Site "chess.com INT"]
[Date "2025.06.17"]
[Round "6"]
[White "Ady, Jonathan J."]
[Black "Purtseladze, Maka"]
[Result "0-1"]
[WhiteTitle "FM"]
[BlackTitle "IM"]
[WhiteElo "2355"]
[BlackElo "2261"]
[WhiteFideId "6000240"]
[BlackFideId "13602659"]
[EventDate "2025.06.17"]

1. e4 e6 2. d4 b6 3. Bd3 Bb7 4. Nf3 d5 5. e5 c5 6. c3 cxd4 7. cxd4 Bb4+ 8. Nc3
Ne7 9. O-O Bxc3 10. bxc3 Qd7 11. a4 Ba6 12. a5 Bxd3 13. Qxd3 b5 14. Ba3 a6 15.
Rfe1 Nbc6 16. Bc5 h6 17. Nd2 O-O 18. f4 f5 19. Kh1 Kh8 20. Rg1 Rg8 21. g4 fxg4
22. Rxg4 Nf5 23. Rag1 Qf7 24. Qh3 Nxa5 25. Nf3 Nb3 26. Rg6 Nxc5 27. dxc5 a5 28.
Qh5 Ra6 29. Nh4 Ra7 0-1

[Event "Titled Tue 17th Jun Early"]
[Site "chess.com INT"]
[Date "2025.06.17"]
[Round "6"]
[White "Altynbek, Aiaru"]
[Black "Nezamyatin, Ruslan"]
[Result "1-0"]
[WhiteTitle "WFM"]
[BlackTitle "CM"]
[WhiteElo "1977"]
[BlackElo "2070"]
[WhiteFideId "13752472"]
[BlackFideId "24153451"]
[EventDate "2025.06.17"]

1. d4 Nf6 2. Nf3 e6 3. c4 c5 4. d5 exd5 5. cxd5 d6 6. Nc3 a6 7. a4 Be7 8. e4 Bg4
9. Be2 Bxf3 10. Bxf3 O-O 11. O-O Re8 12. Re1 Nbd7 13. Bf4 Qc7 14. Qc2 Bf8 15.
Rad1 Ne5 16. Bxe5 Rxe5 17. g3 Qa5 18. Bg2 b5 19. f4 Ree8 20. e5 Nd7 21. e6 Nf6
22. Re2 Ra7 23. Rde1 Rae7 24. Bh3 b4 25. exf7+ Kxf7 26. Be6+ Rxe6 27. dxe6+ Ke7
28. Ne4 g6 29. Nxf6 Kxf6 30. Qd3 Qxa4 31. e7 Bxe7 32. Rxe7 Rxe7 33. Qxd6+ Kf5
34. Qxe7 Qc6 35. Qg5# 1-0

[Event "Titled Tue 17th Jun Early"]
[Site "chess.com INT"]
[Date "2025.06.17"]
[Round "6"]
[White "Ratkovic, Miloje"]
[Black "Ozen, Batuhan"]
[Result "1-0"]
[WhiteTitle "GM"]
[BlackTitle "CM"]
[WhiteElo "2489"]
[BlackElo "2128"]
[WhiteFideId "914517"]
[BlackFideId "6345123"]
[EventDate "2025.06.17"]

1. Nf3 Nf6 2. g3 c5 3. Bg2 Nc6 4. O-O g6 5. d3 Bg7 6. e4 O-O 7. Nc3 Rb8 8. a4 a6
9. Be3 d6 10. Qd2 b5 11. axb5 axb5 12. Bh6 b4 13. Nd5 Nxd5 14. exd5 Ne5 15. Nxe5
dxe5 16. Bxg7 Kxg7 17. c4 bxc3 18. bxc3 e6 19. c4 exd5 20. cxd5 Qd6 21. Qc3 Bb7
22. f4 f6 23. Ra7 exf4 24. Rxf4 Rf7 25. h4 Ra8 26. Rxa8 Bxa8 27. d4 Bxd5 28.
dxc5 Qc6 29. Bxd5 Qxd5 30. c6 h5 31. c7 Qd1+ 32. Rf1 1-0

[Event "Titled Tue 17th Jun Early"]
[Site "chess.com INT"]
[Date "2025.06.17"]
[Round "6"]
[White "Modric, Nesa"]
[Black "Nurgaliyeva, Zarina"]
[Result "0-1"]
[WhiteTitle "CM"]
[BlackTitle "WFM"]
[WhiteElo "2088"]
[BlackElo "2252"]
[WhiteFideId "922579"]
[BlackFideId "13730096"]
[EventDate "2025.06.17"]

1. d4 Nf6 2. Bg5 d5 3. Bxf6 exf6 4. e3 f5 5. c4 dxc4 6. Bxc4 Nd7 7. Qb3 Qf6 8.
Ne2 Bd6 9. Nbc3 c6 10. g3 O-O 11. O-O Re8 12. a4 a5 13. Rfe1 Nf8 14. d5 Bb4 15.
Nd4 Nd7 16. dxc6 bxc6 17. Nxc6 Nc5 18. Qa2 Qxc6 19. Bxf7+ Kh8 20. Bd5 Qa6 21.
Bxa8 Qxa8 22. Red1 Bxc3 23. bxc3 Bb7 24. Qf7 Bh1 25. Kf1 Rf8 26. Qe7 Bg2+ 27.
Ke1 Qc8 28. Rab1 Ne4 29. Rd3 Rg8 30. Qe5 Qc4 31. Rb7 Qxd3 32. Qd4 Qf1# 0-1

[Event "Titled Tue 17th Jun Early"]
[Site "chess.com INT"]
[Date "2025.06.17"]
[Round "6"]
[White "Sarveshwaran V"]
[Black "Zakirov, Musa"]
[Result "0-1"]
[WhiteTitle "CM"]
[BlackTitle "FM"]
[WhiteElo "2290"]
[BlackElo "2209"]
[WhiteFideId "25699016"]
[BlackFideId "44189222"]
[EventDate "2025.06.17"]

1. e4 c5 2. Nf3 d6 3. d4 cxd4 4. Nxd4 Nf6 5. Nc3 a6 6. Bc4 e6 7. Bb3 Nbd7 8. O-O
Nc5 9. Qe2 Qc7 10. Bg5 b5 11. Rfe1 Be7 12. a4 b4 13. Nd5 Nxd5 14. exd5 Bxg5 15.
dxe6 O-O 16. e7 Re8 17. Qh5 Nxb3 18. cxb3 Bxe7 19. Nf3 Bb7 20. Rac1 Qd7 21. Nd4
Bf6 22. Nf5 Rxe1+ 23. Rxe1 Re8 24. Ne3 Bd4 25. h3 Qc6 26. Qg4 Bxe3 27. Rxe3 Rxe3
28. fxe3 h5 29. Qg5 f6 30. Qg6 Qc1+ 31. Kf2 Qd2+ 32. Kf1 Qxe3 33. Qxh5 Qe4 0-1

[Event "Titled Tue 17th Jun Early"]
[Site "chess.com INT"]
[Date "2025.06.17"]
[Round "6"]
[White "Gavarrete, Nahun"]
[Black "Simonovic, Miroslav"]
[Result "0-1"]
[WhiteTitle "FM"]
[BlackTitle "CM"]
[WhiteElo "2281"]
[BlackElo "2092"]
[WhiteFideId "8400709"]
[BlackFideId "919152"]
[EventDate "2025.06.17"]

1. e4 c5 2. Nc3 Nc6 3. g3 g6 4. Bg2 Bg7 5. Nge2 e5 6. O-O Nge7 7. d3 O-O 8. Be3
d6 9. Qd2 f5 10. f4 Nd4 11. Rae1 Rb8 12. Nd1 b5 13. c3 Nxe2+ 14. Rxe2 Qc7 15. d4
c4 16. dxe5 dxe5 17. fxe5 Bxe5 18. Bf4 Bb7 19. Nf2 Bxf4 20. Qxf4 Qxf4 21. gxf4
fxe4 22. Nxe4 Nf5 23. Nc5 Bxg2 24. Kxg2 Rfe8 25. Rfe1 Rxe2+ 26. Rxe2 b4 27. Nd7
Rb7 28. Nf6+ Kg7 29. Ne8+ Kf7 30. Re5 Rd7 31. cxb4 Rd2+ 32. Kh3 Rxb2 33. Nc7
Rxb4 34. Nd5 Ra4 35. Re4 h5 36. Nc3 Rb4 37. a3 Rb3 38. Rxc4 Rxa3 39. Kg2 Ne3+ 0-1

[Event "Titled Tue 17th Jun Early"]
[Site "chess.com INT"]
[Date "2025.06.17"]
[Round "6"]
[White "Brady, Tyson"]
[Black "Mateus, Martha"]
[Result "1-0"]
[WhiteTitle "CM"]
[BlackTitle "WIM"]
[WhiteElo "2170"]
[BlackElo "1972"]
[WhiteFideId "30970369"]
[BlackFideId "4401549"]
[EventDate "2025.06.17"]

1. b3 Nf6 2. Bb2 e6 3. c4 d5 4. e3 Be7 5. Nf3 O-O 6. Be2 c5 7. O-O Nc6 8. cxd5
exd5 9. d4 Bg4 10. dxc5 Bxc5 11. Nbd2 Re8 12. a3 a5 13. Rc1 Bb6 14. Kh1 Qe7 15.
Qc2 d4 16. Nc4 Ba7 17. Rce1 b5 18. Nb6 Rab8 19. Nd5 Nxd5 20. Qxc6 Nc3 21. Bxc3
dxc3 22. Qxc3 Qxa3 23. Ra1 Qb4 24. Qxb4 axb4 25. Rxa7 1-0

[Event "Titled Tue 17th Jun Early"]
[Site "chess.com INT"]
[Date "2025.06.17"]
[Round "6"]
[White "Mafra, Kaiser Luiz"]
[Black "Malikova, Marjona"]
[Result "0-1"]
[WhiteTitle "CM"]
[BlackTitle "WIM"]
[WhiteElo "2076"]
[BlackElo "2055"]
[WhiteFideId "2106698"]
[BlackFideId "14212463"]
[EventDate "2025.06.17"]

1. e4 e6 2. d4 d5 3. Nd2 c5 4. c3 Nc6 5. Ngf3 Nf6 6. exd5 Nxd5 7. dxc5 Bxc5 8.
Nb3 Bb6 9. Bd3 h6 10. O-O O-O 11. Qe2 Qc7 12. Rd1 Nf4 13. Bxf4 Qxf4 14. Qe4 Qxe4
15. Bxe4 a5 16. a4 f5 17. Bxc6 bxc6 18. Ne5 c5 19. Nd7 Bxd7 20. Rxd7 c4 21. Nd4
e5 22. Ne6 Rf6 23. Nxg7 Rd8 24. Nh5 Rd6 25. Rxd8+ Rxd8 26. h3 Rd2 27. Nf6+ Kf7
28. Nh5 Rxf2 29. Kh2 Rxb2 30. Rd1 e4 31. Kg3 Bc7+ 32. Kh4 Be5 33. Rd5 Ke6 34.
Rxa5 e3 35. Ra6+ Kd5 36. Ra5+ Ke4 37. Ng3+ Bxg3+ 38. Kxg3 f4+ 0-1

[Event "Titled Tue 17th Jun Early"]
[Site "chess.com INT"]
[Date "2025.06.17"]
[Round "6"]
[White "Subervi, Jonathan Sigfredo"]
[Black "Shahinyan, Vladimir"]
[Result "0-1"]
[WhiteTitle "FM"]
[BlackTitle "CM"]
[WhiteElo "2059"]
[BlackElo "2202"]
[WhiteFideId "6400345"]
[BlackFideId "13314599"]
[EventDate "2025.06.17"]

1. e4 e5 2. Nf3 Nc6 3. Bc4 Bc5 4. d3 Nf6 5. Nc3 O-O 6. h3 d6 7. Bg5 h6 8. Bxf6
Qxf6 9. Nd5 Qd8 10. g4 Ne7 11. Qd2 Nxd5 12. Bxd5 c6 13. Bb3 d5 14. O-O-O Qf6 15.
Qe2 a5 16. a4 Qf4+ 17. Kb1 b5 18. Rhg1 Ba6 19. exd5 bxa4 20. Bc4 Bxc4 21. dxc4
a3 22. b3 a4 23. Ka2 axb3+ 24. cxb3 e4 25. Nd4 cxd5 26. cxd5 Qf6 27. Nf5 g6 28.
Nxh6+ Kg7 29. g5 Qxf2 30. Qxf2 Bxf2 31. Rgf1 e3 32. Rxf2 exf2 33. Rf1 f6 34. h4
fxg5 35. hxg5 Rae8 36. Ng4 Re1 37. Rxf2 Rxf2+ 38. Nxf2 Re2+ 39. Kxa3 Rxf2 40.
Kb4 Rf5 41. Kc5 Rxg5 42. b4 Kf7 43. b5 Ke7 44. Kc6 Kd8 45. b6 Rg1 46. d6 Rc1+
47. Kd5 Kd7 48. Ke5 Rb1 0-1

[Event "Titled Tue 17th Jun Early"]
[Site "chess.com INT"]
[Date "2025.06.17"]
[Round "6"]
[White "Rathbone-Jones, Ifan"]
[Black "Hnatyshyn, Anastasiia"]
[Result "0-1"]
[WhiteTitle "CM"]
[BlackTitle "WFM"]
[WhiteElo "2208"]
[BlackElo "2233"]
[WhiteFideId "1803859"]
[BlackFideId "14198339"]
[EventDate "2025.06.17"]

1. e4 e6 2. d4 d5 3. exd5 exd5 4. Nf3 Nc6 5. c3 Bg4 6. Bd3 Qd7 7. Be3 O-O-O 8.
Nbd2 f6 9. b4 g5 10. h3 Be6 11. Qa4 Kb8 12. Bb5 h5 13. Bxc6 Qxc6 14. Qxc6 bxc6
15. O-O-O Bf5 16. Nb3 Ne7 17. Na5 Bd7 18. Rhe1 Nf5 19. Nd2 g4 20. hxg4 hxg4 21.
Bf4 Bd6 22. Bxd6 cxd6 23. Rh1 Kc7 24. Kc2 Ne7 25. Ndb3 Bf5+ 26. Kd2 Ng6 27. g3
Be4 28. Rxh8 Rxh8 29. Nc1 Rh2 30. Ke3 Ne7 31. Rf1 Rh5 32. Ne2 Nf5+ 33. Kd2 Rh2
34. Nb3 Bg2 35. Re1 Bf3 36. Rf1 Bxe2 37. Kxe2 Nxg3+ 38. Ke1 Nxf1 39. Kxf1 Rh1+
40. Kg2 Rb1 41. Kg3 f5 42. Kf4 Rb2 43. Kxf5 Rxa2 44. Kxg4 Rxf2 0-1

[Event "Titled Tue 17th Jun Early"]
[Site "chess.com INT"]
[Date "2025.06.17"]
[Round "6"]
[White "Nayak, Rajesh"]
[Black "Ezat, Mohamed"]
[Result "1-0"]
[WhiteTitle "FM"]
[BlackTitle "IM"]
[WhiteElo "2262"]
[BlackElo "2299"]
[WhiteFideId "35017152"]
[BlackFideId "10600906"]
[EventDate "2025.06.17"]

1. e4 e5 2. Nf3 Nc6 3. Bb5 a6 4. Ba4 Nf6 5. d3 b5 6. Bb3 Be7 7. O-O O-O 8. Nc3
d6 9. a3 Bg4 10. h3 Bxf3 11. Qxf3 Nd4 12. Qd1 Nxb3 13. cxb3 Nd7 14. f4 exf4 15.
Bxf4 c6 16. Kh1 Ne5 17. d4 Ng6 18. Bh2 Kh8 19. Qg4 Qc8 20. Qh5 Qd7 21. Rf2 Rae8
22. Raf1 Bd8 23. b4 Bb6 24. Re2 Bxd4 25. Rd1 Qa7 26. Bxd6 Rg8 27. Qf5 Re6 28.
Bc5 Bxc5 29. bxc5 Rf6 30. Qg5 Nf4 31. Red2 Ne6 32. Qe3 Qxc5 33. Qxc5 Nxc5 34.
Rd8 h6 35. Rxg8+ Kxg8 36. Rd8+ Kh7 37. Ra8 Rf2 38. b4 Nd3 39. Rxa6 Nf4 40. Rxc6 1-0

[Event "Titled Tue 17th Jun Early"]
[Site "chess.com INT"]
[Date "2025.06.17"]
[Round "6"]
[White "Esipenko, Andrey"]
[Black "Firouzja, Alireza"]
[Result "0-1"]
[WhiteTitle "GM"]
[BlackTitle "GM"]
[WhiteElo "2689"]
[BlackElo "2766"]
[WhiteFideId "24175439"]
[BlackFideId "12573981"]
[EventDate "2025.06.17"]

1. d4 Nf6 2. Nf3 g6 3. g3 Bg7 4. Bg2 O-O 5. O-O d6 6. Nc3 Nbd7 7. a4 e5 8. dxe5
dxe5 9. Nd2 Re8 10. a5 a6 11. Nc4 e4 12. Bf4 Nh5 13. Be3 f5 14. Bd4 Nhf6 15. Qd2
Nf8 16. Rfd1 Be6 17. Ne5 Qe7 18. Qe3 Red8 19. f3 Nd5 20. Nxd5 Rxd5 21. fxe4 Rxd4
22. Rxd4 Bxe5 23. Rdd1 c6 24. c3 Re8 25. exf5 Bxf5 26. Bf3 h5 27. Kg2 Nh7 28. h3
Qe6 29. Rh1 Nf6 30. Rad1 Qf7 31. Qb6 Nd5 32. e4 Nxb6 0-1

[Event "Titled Tue 17th Jun Early"]
[Site "chess.com INT"]
[Date "2025.06.17"]
[Round "6"]
[White "Wahedi, Ahmad Siar"]
[Black "Rogov, Matfey"]
[Result "0-1"]
[WhiteTitle "FM"]
[BlackTitle "FM"]
[WhiteElo "2239"]
[BlackElo "2348"]
[WhiteFideId "4651260"]
[BlackFideId "44191308"]
[EventDate "2025.06.17"]

1. e4 e5 2. Nf3 f5 3. Nxe5 fxe4 4. d4 d5 5. Qh5+ g6 6. Nxg6 hxg6 7. Qxh8 Kf7 8.
Qe5 Nc6 9. Qf4+ Bf5 10. c3 Bh6 11. Qg3 Bxc1 12. Nd2 Bxb2 13. Rd1 Nf6 14. Be2 Qd6
15. Qe3 Qa3 16. Nb1 Qxa2 17. O-O Qb3 18. Rd2 Ba3 19. Nxa3 Qxa3 20. Rb1 b6 21. h3
Qd6 22. c4 Be6 23. c5 bxc5 24. dxc5 Qe5 25. Bb5 Ne7 26. Be2 Nf5 27. Qa3 d4 28.
Rb7 e3 29. fxe3 dxe3 30. Rd1 Bd5 31. Rxa7 Rxa7 32. Qxa7 Ng3 33. Re1 Qf4 34. Bf3
Bxf3 35. gxf3 Nf5 36. Qa2+ Kg7 37. Qg2 Nh4 0-1

[Event "Titled Tue 17th Jun Early"]
[Site "chess.com INT"]
[Date "2025.06.17"]
[Round "6"]
[White "Bruhovich, Olexandr"]
[Black "Mizzi, Jack"]
[Result "0-1"]
[WhiteTitle "CM"]
[BlackTitle "CM"]
[WhiteElo "2208"]
[BlackElo "2107"]
[WhiteFideId "14119919"]
[BlackFideId "5602521"]
[EventDate "2025.06.17"]

1. e4 c6 2. d4 d5 3. exd5 cxd5 4. Bd3 Nc6 5. c3 Qc7 6. Bg5 Nf6 7. Nd2 Bg4 8. Qb3
e6 9. h3 Bh5 10. Ngf3 Bd6 11. O-O O-O 12. Rfe1 Bg6 13. Bxg6 hxg6 14. Re2 Rac8
15. Rae1 Nh5 16. Ne5 f6 17. Nxg6 fxg5 18. Nxf8 Rxf8 19. Rxe6 Bh2+ 20. Kh1 Rxf2
21. Re8+ Kh7 22. Nf1 Bd6 23. Qd1 Qf7 24. Nh2 Ng3+ 25. Kg1 Ne4 26. Ra8 Rxg2+ 27.
Kxg2 Qf2+ 0-1

[Event "Titled Tue 17th Jun Early"]
[Site "chess.com INT"]
[Date "2025.06.17"]
[Round "6"]
[White "Kosakowski, Jakub"]
[Black "Sanhueza, Cristian"]
[Result "1-0"]
[WhiteTitle "GM"]
[BlackTitle "FM"]
[WhiteElo "2548"]
[BlackElo "2213"]
[WhiteFideId "1185080"]
[BlackFideId "116815"]
[EventDate "2025.06.17"]

1. e4 e5 2. Nf3 Nc6 3. d4 exd4 4. Nxd4 Nf6 5. Nxc6 bxc6 6. Bd3 d5 7. exd5 cxd5
8. O-O Be7 9. c4 dxc4 10. Bxc4 O-O 11. Nc3 Bb7 12. Bf4 c5 13. Qb3 Qb6 14. Rfe1
Qc6 15. f3 Bd6 16. Bxd6 Qxd6 17. Rad1 Qb6 18. Qxb6 axb6 19. Rd6 Ba6 20. Bxa6
Rxa6 21. Re7 h6 22. Rb7 Re8 23. Rdxb6 Rxb6 24. Rxb6 Re1+ 25. Kf2 Rh1 26. h3 h5
27. Rb8+ Kh7 28. Rb7 Kg6 29. Rc7 Rc1 30. Rxc5 Rc2+ 31. Kg1 Rxb2 32. a4 h4 33. a5
Rc2 34. a6 Rc1+ 35. Kf2 Ra1 36. Rc6 Kf5 37. Nb5 Ra2+ 38. Ke1 Nd5 39. Rc5 Ke6 40.
Rxd5 Rxg2 41. a7 Ra2 42. Rd8 1-0

[Event "Titled Tue 17th Jun Early"]
[Site "chess.com INT"]
[Date "2025.06.17"]
[Round "6"]
[White "Krylov, Ivan"]
[Black "Galperin, Platon"]
[Result "0-1"]
[WhiteTitle "FM"]
[BlackTitle "GM"]
[WhiteElo "2426"]
[BlackElo "2500"]
[WhiteFideId "24128066"]
[BlackFideId "14165414"]
[EventDate "2025.06.17"]

1. d4 Nf6 2. c4 a6 3. g3 b5 4. Bg2 c6 5. b3 g6 6. Nc3 Bg7 7. e4 d6 8. f4 bxc4 9.
bxc4 O-O 10. Nge2 a5 11. O-O Ba6 12. Qa4 Nfd7 13. e5 Nb6 14. Qxa5 Bxc4 15. Qb4
Na6 16. Qb2 Rb8 17. Qd2 c5 18. dxc5 Nxc5 19. Qd4 Nd3 20. Be3 dxe5 21. fxe5 Bxe5
22. Qxd8 Rfxd8 23. Rab1 Nd7 24. Nd5 Rxb1 25. Rxb1 Kf8 26. Rb7 N3c5 27. Nb6 Bxe2
28. Nxd7+ Nxd7 29. a4 Bd6 30. a5 Bc5 31. Kf2 Ba6 32. Rc7 Bxe3+ 33. Kxe3 Nf6 34.
Ra7 Rd6 35. h3 Nd7 36. Ra8+ Kg7 37. Rd8 Nc5 38. Re8 Kf6 39. Ra8 Nb3 40. Rh8 Kg7
41. Ra8 Nxa5 42. Be4 Nc4+ 0-1

[Event "Titled Tue 17th Jun Early"]
[Site "chess.com INT"]
[Date "2025.06.17"]
[Round "6"]
[White "Mrudul, Dehankar"]
[Black "Medina, VInce Angelo"]
[Result "0-1"]
[WhiteTitle "WIM"]
[WhiteElo "2078"]
[BlackElo "2138"]
[WhiteFideId "25096990"]
[BlackFideId "5205069"]
[EventDate "2025.06.17"]

1. e4 e6 2. d4 c5 3. Nf3 cxd4 4. Nxd4 Nc6 5. Nc3 Bb4 6. Nb5 Nf6 7. a3 Bxc3+ 8.
Nxc3 O-O 9. Bg5 h6 10. Bh4 Ne5 11. Qd6 Ng6 12. Bg3 Nh5 13. Be2 Nxg3 14. hxg3 Qe7
15. O-O-O Qf6 16. f4 a6 17. Rdf1 b5 18. g4 Qe7 19. Qd3 Bb7 20. g5 e5 21. g3 hxg5
22. f5 Nh8 23. g4 f6 24. Qh3 Kf7 25. Qh5+ g6 26. Qh6 Rg8 27. Rd1 Bc6 28. a4 Qc5
29. Nd5 bxa4 0-1

[Event "Titled Tue 17th Jun Early"]
[Site "chess.com INT"]
[Date "2025.06.17"]
[Round "6"]
[White "Demchenko, Svitlana"]
[Black "Tarnowska, Aleksandra"]
[Result "1-0"]
[WhiteTitle "WIM"]
[BlackTitle "WCM"]
[WhiteElo "2135"]
[BlackElo "1882"]
[WhiteFideId "14149893"]
[BlackFideId "1180967"]
[EventDate "2025.06.17"]

1. e4 c5 2. Nf3 e6 3. d4 cxd4 4. Nxd4 a6 5. c4 Nf6 6. Nc3 Bb4 7. Qd3 Qc7 8. Bd2
Nc6 9. a3 Bxc3 10. Bxc3 Ne5 11. Qg3 Nxe4 12. Qxg7 Ng6 13. Nf3 d6 14. Bd3 Nxc3
15. Bxg6 Rf8 16. Bc2 Qxc4 17. Qxc3 Qf4 18. Qe3 Qf6 19. O-O-O d5 20. Ne5 Bd7 21.
Nxd7 Kxd7 22. Ba4+ b5 23. Bc2 Rfc8 24. Kb1 Rc4 25. Rd2 Rac8 26. Rhd1 Qg7 27. g3
R8c7 28. f4 Kc8 29. f5 e5 30. Qb6 d4 31. Qxa6+ Kd8 32. Qa8+ Ke7 33. Qd5 Qf6 34.
Re1 R7c5 35. Qb7+ Rc7 36. Qe4 b4 37. Bb3 bxa3 38. Bxc4 Rxc4 39. Qxe5+ Qxe5 40.
Rxe5+ Kd6 41. Re4 1-0

[Event "Titled Tue 17th Jun Early"]
[Site "chess.com INT"]
[Date "2025.06.17"]
[Round "6"]
[White "Thipsay, Bagyashree Sathe"]
[Black "Diaz Guerrero, Jesus Daniel"]
[Result "1-0"]
[WhiteTitle "WIM"]
[BlackTitle "CM"]
[WhiteElo "2075"]
[BlackElo "2076"]
[WhiteFideId "5001013"]
[BlackFideId "3979288"]
[EventDate "2025.06.17"]

1. e4 c5 2. Nf3 d6 3. d4 cxd4 4. Nxd4 Nf6 5. Nc3 a6 6. Be2 e5 7. Nb3 Be7 8. O-O
Be6 9. f4 Nbd7 10. f5 Bxb3 11. axb3 O-O 12. Kh1 h6 13. g4 Nh7 14. Be3 Rc8 15.
Nd5 Bg5 16. Bf2 Nc5 17. Bf3 Bh4 18. b4 Nd7 19. c3 Bxf2 20. Rxf2 Ng5 21. Bg2 Nf6
22. Nxf6+ Qxf6 23. Rd2 Rfd8 24. Qe2 Nh7 25. Rad1 Rd7 26. Qf2 Rcd8 27. h4 Nf8 28.
Qg3 Qe7 29. g5 hxg5 30. hxg5 Nh7 31. f6 Qf8 32. Bh3 Rc7 33. Rh2 gxf6 34. gxf6+
Kh8 35. Bf5 1-0